Normal view
MARC view
Entry Personal Name
001 - CONTROL NUMBER
- control field: 78668
003 - CONTROL NUMBER IDENTIFIER
- control field: OSt
005 - DATE AND TIME OF LATEST TRANSACTION
- control field: 20200315131550.0
008 - FIXED-LENGTH DATA ELEMENTS
- fixed length control field: 200315|| aca||aabn | a|a d
040 ## - CATALOGING SOURCE
- Original cataloging agency: OSt
- Transcribing agency: OSt
100 ## - HEADING--PERSONAL NAME
- Personal name: संजय गुप्ता
670 ## - SOURCE DATA FOUND
- Source citation: Work cat.: (OSt): संजय गुप्ता , म. प्र. लोक सेवा आयोग मुख्य परीक्षा दर्पण मध्यकालीन भारत का इतिहास









